| 000 | 00580nam a2200241Ia 4500 | ||
|---|---|---|---|
| 001 | UByD001368 | ||
| 003 | AR-LpoUNG | ||
| 005 | 20230415123916.0 | ||
| 008 | 230414s2022||||ag |||||||||||||| ||spa|d | ||
| 040 |
_aAR-LpoUNG _bspa _cAR-LpoUNG _eaacr |
||
| 082 | 0 | _aA861 543flo | |
| 100 | 1 | _aAndino, Roberto | |
| 245 | 1 | 0 | _aFlores de invierno |
| 250 | _a1ra. ed. | ||
| 260 |
_aBuenos Aires : _bVersibus, _c2022. |
||
| 300 | _a11 p. | ||
| 650 | 4 | _aARGENTINA | |
| 650 | 4 | _aLITERATURA | |
| 650 | 4 | _aPOESIA | |
| 653 | 4 | _aAUTORES LOCALES | |
| 905 | _aCJPM489 | ||
| 942 |
_cLIB _2ddc |
||
| 999 |
_c63925 _d63925 |
||